| 000 | 004150000a22001690004500 | ||
|---|---|---|---|
| 003 | LK-CoMWRAF | ||
| 008 | 230817t ||||| |||| 00| 0 eng d | ||
| 040 |
_aLK-CoMWRAF _dLK-CoMWRAF _eLK-CoMWRAF |
||
| 041 | _aeng | ||
| 082 |
_a021 _bYOK |
||
| 100 | _aYokanathan,S | ||
| 245 |
_aSuntharyin muhankal _b |
||
| 260 |
_aChennai _bSathyaparathipathipakam _c1985 |
||
| 300 | _ap.176 | ||
| 650 | _aliterature | ||
| 942 | _cBK | ||
| 999 |
_c2657 _d2657 |
||